000
00287nam a22001337a 4500
003
SGT
082
_a
615.53
100
_a
SRIVASTAVA, SHAILAJA
245
_a
AYURVEDIYA RASAYANA SARA
260
_a
VARANASI
_b
CHAUKHAMBHA
_c
2013
300
_a
164
650
_a
RASA SHASTRA
942
_2
ddc
_c
BK
999
_c
8527
_d
8527